000 00347nam a2200145Ia 4500
008 230711s9999||||xx |||||||||||||| ||und||
041 _aENG
082 _a621
_bHI-E
100 _aHiggins,Raymond A
245 0 _aEngineering metallurgy
250 _a5th
260 _c1983
_aNew Delhi
_bElbs Britain
650 _aMechanical Engineering
942 _cBK
999 _c963
_d963